| 000 | 01452cam a2200265 a 4500 | ||
|---|---|---|---|
| 001 | 000012363 | ||
| 005 | 20200929163019.0 | ||
| 008 | 780721s1972 ve a b f001 0 spa | ||
| 035 | _a(DLC) 78104241 | ||
| 040 |
_aDO-SdBNP _bspa _cDLC _dBNPHU |
||
| 082 |
_a306.43 _bA339s, 1972 |
||
| 100 | 1 |
_aAlbornoz, Orlando, _d1932- _929047 |
|
| 245 | 1 | 0 |
_aSociología de la educación / _cOrlando Albornoz. |
| 250 | _a2a ed. | ||
| 260 |
_aCaracas, (Venezuela) : _bBiblioteca de la Universidad Central de Venezuela, _c1972. |
||
| 300 |
_a266 p. : _bil. ; _c19 cm. |
||
| 490 | 1 |
_aTemas _v47 |
|
| 500 | _aArtículos previamente publicados durante 1966-70 | ||
| 504 | _aIncluye referencias bibliográficas. | ||
| 505 | 0 | _aCultura y Educación -- La educación como objeto del conocimiento -- sociología Educación y -- La Investigación Sociológica EN EDUCACION -- La sociología de la educación en América Latina -- Las funciones culturales de la Universidad -- La educación superior en la Argentina y en Venezuela -- y Libertad Académica educación superior en América Latina -- Oposición estudiantil en América Latina -- La profusión de Ingeniero en Venezuela -- La profusión de Ingeniero en una sociedad en desarrollo - -Obstáculos para la Planificación Universitaria en América Latina. | |
| 650 | 4 |
_aSociología de la educación _zAmérica Latina _929045 |
|
| 830 | 0 |
_aTemas ; _v47. _99064 |
|
| 910 | _aCatalogación derivada | ||
| 049 | _aBNGR | ||
| 999 |
_c12020 _d12020 |
||